Writing till 10 speedrun - Statistics

General Stats
  • This quiz has been taken 147 times
  • The average score is 9 of 10
Answer Stats
Número Number % Correct
Uno One
100%
Tres Three
94%
Dos Two
94%
Cuatro Four
93%
Ocho Eight
92%
Cinco Five
92%
Nueve Nine
92%
Siete Seven
92%
Seis Six
92%
Diez Ten
92%
No matching quizzes found
Score Distribution
Percent of People with Each Score
Percentile by Number Answered
Your Score History
You have not taken this quiz